000 00297nam a22001217a 4500
082 _a001
_bAAR/P
100 _aAARSHASRI
245 _aPROJECT MASTER
_bENGLISH
260 _aTRIVANDRUM
_bAARSHASRI PUBLISHING CO
_c2014
300 _a496
650 _aPROJECTS, ASSIGNMENTS, SEMINAR
_zINDIA
942 _cBK
999 _c1857
_d1857